Un puente entre genómica y biodiversidad (Registro nro. 5696)

Detalles MARC
000 -CABECERA
Campo de control 00943nam a2200229 a 4500
005 - FECHA Y HORA DE LA ULTIMA TRANSACCION
Campo de control 20150821091717.0
008 - ELEMENTOS DE LONGITUD FIJA—INFORMACION GENERAL
Campo de control 150821b2006 ck |||||r|||| 00| 0 eng d
040 ## - FUENTE DE CATALOGACIÓN
Agencia catalogadora original CO-BoIAVH
Agencia transcriptora CO-BoIAVH
041 0# - IDIOMA
Código de idioma para texto/pista de sonido o título separado Inglés
044 ## - PAÍS DE PUBLICACIÓN
País de publicación Colombia
082 4# - NUMERO DE CLASIFICACION DECIMAL DEWEY
Número de clasificación 578.7
Número del ítem U54p
111 ## - ASIENTO PRINCIPAL--NOMBRE DE REUNION
Nombre de reunión o de jurisdicción como elemento de entrada Taller Molcannect: un Puente entre Genómica y Biodiversidad
Lugar de la reunión Bogotá (Colombia)
Fecha de la reunión septiembre 4-6, 2006
9 (RLIN) 37240
245 13 - MENCION DE TITULO
Título Un puente entre genómica y biodiversidad
260 ## - PUBLICACION, DISTRIBUCION, ETC. (PIE DE IMPRENTA)
Lugar de publicación, distribución, etc. Bogotá
Nombre del editor, distribuidor, etc. Universidad Nacional de Colombia
-- Universidad Potsdam de Alemania
Fecha de publicación, distribución, etc. 2006
300 ## - DESCRIPCION FISICA
Extensión 51 p.
Otros detalles físicos ilustraciones
Dimensiones 22 cm.
504 ## - NOTA DE BIBLIOGRAFIA, ETC.
Nota de bibliografía Incluye referencias bibliográficas.
505 ## - NOTA DE CONTENIDO
Nota de contenido Incluye resúmenes de las ponencias presentadas durante el taller.
520 ## - NOTA DE RESUMEN, ETC.
Nota de resumen Presentaciones de las entidades que auspician y son autoras del taller en español.
650 #6 - ASIENTO SECUNDARIO DE MATERIA - TERMINO TEMATICO
Término temático o nombre geográfico como elemento de entrada Biodiversidad
Subdivisión de forma Taller
Subdivisión general genómica
9 (RLIN) 37241
650 #6 - ASIENTO SECUNDARIO DE MATERIA - TERMINO TEMATICO
Término temático o nombre geográfico como elemento de entrada Biodiversidad
Subdivisión de forma Resumenes
Subdivisión general genómica
9 (RLIN) 37242
942 ## - ELEMENTOS ADICIONALES (KOHA)
Tipo de ítem Libro
Sistema de clasificación Dewey Decimal Classification
Existencias
Withdrawn status Lost status Sistema de Clasificación Damaged status No para préstamo Colección Inventariado Ubicación Permanente Ubicación actual Fecha de adquisición Fuente de Valor Valor Total Checkouts Número topográfico Inventario / Código de Barras Date last seen Ejemplar Price effective from Forma de adquisición Tipo de material
    Dewey Decimal Classification     General Inventariado 2017 Bogotá Bogotá 21/08/2015 Instituto 39000.00   LB-578.7 U54p 034983 28/08/2015 Ej. 1 21/08/2015 Canje Libro
    Dewey Decimal Classification     General Inventariado 2017 Sala Fabio Quevedo Sala Fabio Quevedo 23/07/2007 Instituto 39000.00   LB-578.7 U54p 024763 04/12/2012 Ej.2 04/12/2012   Libro